Software requirements engineering

This new edition describes current best practices in requirements engineering with a focus primarily on software systems but also on systems that may contain other elements such as hardware or people. The text consists of original papers, written by experts in the field, plus revisions of papers fro...

Descripción completa

Guardado en:
Detalles Bibliográficos
Formato: Libro
Lenguaje:Undetermined
Publicado: Los Alamitos, Calif. IEEE Computer Society Press c2000
Materias:
Etiquetas: Agregar Etiqueta
Sin Etiquetas, Sea el primero en etiquetar este registro!
Thư viện lưu trữ: Trung tâm Học liệu Trường Đại học Cần Thơ
LEADER 01196nam a2200217Ia 4500
001 CTU_153254
008 210402s9999 xx 000 0 und d
020 |c 54.75 
082 |a 005.12 
082 |b S681 
245 0 |a Software requirements engineering 
245 0 |c Edited by Richard H. Thayer and Merlin Dorfman ; Foreword by Alan M. Davis ; Original contributions by Sidney C. Bailin ... [et al.] 
260 |a Los Alamitos, Calif. 
260 |b IEEE Computer Society Press 
260 |c c2000 
520 |a This new edition describes current best practices in requirements engineering with a focus primarily on software systems but also on systems that may contain other elements such as hardware or people. The text consists of original papers, written by experts in the field, plus revisions of papers from the first edition. The book begins with an introduction to current issues and the basic terminology of the software requirements engineering process. 
526 |a Phân tích yêu cầu phần mềm 
526 |b CT241 
650 |a Software engineering,Công nghệ phần mềm 
904 |i QHieu 
980 |a Trung tâm Học liệu Trường Đại học Cần Thơ